América Latina, población y desarrollo /
Los orígenes y la consolidación de la demografía en América Latina están indisolublemente ligados al nombre de Carmen A. Miró, pionera de los estudios de población en la región. En esta antología se encuentran sus principales contribución es en los campos de las políticas de población y desarrollo,...
שמור ב:
| מחבר ראשי: | |
|---|---|
| פורמט: | לא ידוע |
| שפה: | Spanish |
| יצא לאור: |
Argentina :
Siglo del Hombre Editores ; CLACSO
|
| סדרה: | Colección Pensamiento Crítico Latinoamericano
|
| נושאים: | |
| תגים: |
הוספת תג
אין תגיות, היה/י הראשונ/ה לתייג את הרשומה!
|
MARC
| LEADER | 00000 a2200000 04500 | ||
|---|---|---|---|
| 001 | 41979 | ||
| 003 | |||
| 008 | 050701s2009 ag spa d | ||
| 040 | |||
| 020 | |a 978-958-665-143-1 | ||
| 090 | |a 1002 M676a | ||
| 100 | |a Miró, Carmen A. | ||
| 245 | |a América Latina, población y desarrollo / |c Carmen A. Miró ; compilado por Brígida García y Dídimo Castillo | ||
| 260 | |a Argentina : |b Siglo del Hombre Editores ; CLACSO | ||
| 300 | |a 381 páginas | ||
| 440 | |a Colección Pensamiento Crítico Latinoamericano | ||
| 520 | |a Los orígenes y la consolidación de la demografía en América Latina están indisolublemente ligados al nombre de Carmen A. Miró, pionera de los estudios de población en la región. En esta antología se encuentran sus principales contribución es en los campos de las políticas de población y desarrollo, la transición demográfica en América Latina y sus implicaciones económicas y sociales, así como algunos de sus escritos en torno a Panamá y al Canal de Panamá. | ||
| 590 | |a DISEMINAR082011/RRA/SETIEMBRE2011 | ||
| 650 | |a POLITICA DE POBLACION | ||
| 650 | |a TRANSICION DEMOGRAFICA | ||
| 650 | |a CONSECUENCIAS SOCIALES | ||
| 650 | |a CONSENCUENCIAS ECOONOMICAS | ||
| 650 | |a DESARROLLO ECONOMICO Y SOCIAL | ||
| 650 | |a PLANIFICACION DEMOGRAFICA | ||
| 650 | |a AMERICA LATINA | ||
| 650 | |a ZONA DEL CANAL DE PANAMA | ||
| 999 | |c 12061 |d 12061 | ||



